| 000 | 01224cam a2200313 a 4500 | ||
|---|---|---|---|
| 001 | 14404569 | ||
| 005 | 20160509102544.0 | ||
| 008 | 060607s2007 maua 001 0 eng | ||
| 010 | _a 2006018999 | ||
| 020 | _a0321433327 | ||
| 035 | _a(OCoLC)ocm70054323 | ||
| 040 |
_aDLC _cDLC _dBAKER _dC#P _dDLC |
||
| 050 | 0 | 0 |
_aQA76.73.C153 _bC38 2007 |
| 082 | 0 | 0 |
_a005.133 _222 _bCAR |
| 100 | 1 |
_aCarrano, Frank M. _914398 |
|
| 245 | 1 | 0 |
_aData Abstraction & Problem Solving with C++ : _bWalls & Mirrors / _cFrank M. Carrano. |
| 246 | 3 | _aData abstraction and problem solving with C++ | |
| 250 | _a5th ed. | ||
| 260 |
_aBoston : _bPearson/Addison Wesley, 2007 _cc2007. |
||
| 300 |
_axvii, 970 p. : _bill. ; _c24 cm. |
||
| 500 | _aAn NB copy donated by: Dr. Khaled Nagaty | ||
| 500 | _aIncludes index. | ||
| 650 | 0 |
_aC++ (Computer program language) _914399 |
|
| 650 | 0 |
_aProblem solving _xData processing. _914401 |
|
| 650 | 0 |
_914400 _aAbstract data types (Computer science) |
|
| 856 | 4 | 1 |
_3Table of contents _uhttp://www.loc.gov/catdir/toc/ecip0615/2006018999.html |
| 942 |
_2ddc _cBB |
||
| 999 |
_c10484 _d10484 |
||